Teezle wedding day rescue (The)/ (Record no. 111881)
[ view plain ]
| 000 -LEADER | |
|---|---|
| fixed length control field | 00494nam a2200181 a 4500 |
| 001 - CONTROL NUMBER | |
| control field | 2155 |
| 005 - DATE AND TIME OF LATEST TRANSACTION | |
| control field | 20140414131923.0 |
| 008 - FIXED-LENGTH DATA ELEMENTS--GENERAL INFORMATION | |
| fixed length control field | 010131s19uu xx 00 eng d |
| 020 ## - INTERNATIONAL STANDARD BOOK NUMBER | |
| International Standard Book Number | 0-7105-0595-7 |
| 050 ## - LIBRARY OF CONGRESS CALL NUMBER | |
| Classification number | ER |
| Item number | T22 |
| 100 ## - MAIN ENTRY--PERSONAL NAME | |
| Personal name | Barber, Terry |
| 245 ## - TITLE STATEMENT | |
| Title | Teezle wedding day rescue (The)/ |
| Statement of responsibility, etc | by Terry Barber. |
| 260 ## - PUBLICATION, DISTRIBUTION, ETC. (IMPRINT) | |
| Place of publication, distribution, etc | Bridlington, England : |
| Name of publisher, distributor, etc | Peter Haddock. |
| 300 ## - PHYSICAL DESCRIPTION | |
| Extent | p. : ill., col. ; cm. |
| 440 ## - SERIES STATEMENT/ADDED ENTRY--TITLE | |
| Title | Tales of the Teezles |
| 650 ## - SUBJECT ADDED ENTRY--TOPICAL TERM | |
| Topical term or geographic name as entry element | Animals |
| General subdivision | Stories. |
| Withdrawn status | Lost status | Damaged status | Use restrictions | Home library | Current library | Shelving location | Date acquired | Source of acquisition | Total Checkouts | Full call number | Barcode | Date last seen | Price effective from | Koha item type |
|---|---|---|---|---|---|---|---|---|---|---|---|---|---|---|
| Munich Library | Munich Library | Easy Reading Section | 05/26/2005 | ER T22 | M2799 | 04/14/2014 | 04/14/2014 | Books |